LEADER 01134nam a2200253 u 4500 001 000000002152 003 CaOOAMICUS 005 20070226104406.0 008 940527s1923 gw u000 u ger u 035 $a10054152 040 $aPUL$bita 130 0 $aBiblia.$pV.T.$pProverbia.$lTedesco.$0(OLS)http://pul/title/812 245 14$aDas Buch der Sprüche, /$cübersetzt und erklärt von Hermann Wiesmann .. 260 $aBonn :$bP. Hanstein,$c1923. 300 $a4 f.p., 100 p. ;$c25 cm 490 1 $aDie Heilige Schrift des Alten Testamentes ;$vVI. Bd., Abt. 1 630 04$aBiblia.$pV.T.$pProverbia$xCommenti.$0(OLS)http://pul/subject/634 700 1 $aWiesmann, Hermann,$cS.I.,$d1871-1948.$0(OLS)http://pul/name/2330 830 4$aDie Heilige Schrift des Alten Testamentes ;$vVI. Bd., Abt. 1.$0(OLS)http://pul/title/2066 850 $aPUL 852 $aPUL$W1$xSL Religione 1$y3$m5 B 16.$j2860$nBK-PRI$b $qStampati$B2860$CPULBib$Z2$F2860 $H $81 941 1 $a8 996 $6245$aDas Buch der Sprüche,$9(OLS)http://pul/title/3204 996 $6260$aBonn :$bP. Hanstein$9(OLS)http://pul/publisher/48703 LEADER 01295naa a2200277 u 4500 001 000000093035 003 CaOOAMICUS 005 20070226130131.0 008 960109n nyuac u000 u ita u 035 $a10702970 040 $aISV$bita 245 00$aArte tedesca e spagnola sino al 1900 /$ca cura del Dr. Horst Vey e del Dr. Xavier de Salas. 260 $aNew York ;$aMontreal :$bGrolier,$c[s.d.] 300 $a296 p. :$bill. (some col.) : ;$c25 cm 500 $aVol. 4 of Il Libro d'arte. 650 0$aArt, German.$2//eng$0(OLS)http://pul/subject/29938 650 0$aArt$zGermany.$2//eng$0(OLS)http://pul/subject/29939 650 0$aArtists$zGermany$xBiography.$2//eng$0(OLS)http://pul/subject/29940 650 0$aArt, Spanish.$2//eng$0(OLS)http://pul/subject/29941 650 0$aArt$zSpain.$2//eng$0(OLS)http://pul/subject/29942 650 0$aArtists$zSpain$xBiography.$2//eng$0(OLS)http://pul/subject/29943 700 1 $aSalas, Xavier de.$0(OLS)http://pul/name/59900 700 1 $aVey, Horst.$0(OLS)http://pul/name/59899 773 0 $tIl libro d'arte : una enciclopedia illustrata di pittura, disegno e scultura$w()17993 996 $6245$aArte tedesca e spagnola sino al 1900$9(OLS)http://pul/title/119894 996 $6260$aNew York ;$aMontreal :$bGrolier$9(OLS)http://pul/publisher/79158